• 首页
  • 本馆介绍
  • 公告通知
  • 最新文献
  • 馆藏检索
  • 电子资源
  • 读者导购
  • 参考咨询
  • 我的图书馆
  • 登录
  • 详细信息显示
  • 放入我的书架
  • 预约/预借图书
  • 作者相关作品
  • 分类相关作品
  • 丛书相关作品
  • 出版社相关作品

书目信息

  • 表格格式
  • 工作单格式
  • 卡片格式
题名:
少年儿童电子琴中级教程
    
 
作者: 万宝柱 编著
分册:  
出版信息: 北京   北京体育学院出版社  1989.3
页数: 96页
开本: 26厘米
丛书名:
单 册:
中图分类: J628.1
科图分类:
主题词: 器乐--理论 , 器乐--奏法 , 器乐--演奏
电子资源:
ISBN: 7-81003-178-3
000 00716nam0 2200253 45
001 0189019632
005 20040513154000.9
010    @a7-81003-178-3@dCNY3.90
020    @aCN@b89019632
100    @a19910513d1989 d y0chiy0120 ea
101 0  @achi
102    @aCN@b110000
105    @ag z 000yy
106    @ar
200 10 @a少年儿童电子琴中级教程@Ashao nian er tong dian zi qin zhong ji jiao cheng@f万宝柱编著@Fwan bao zhu bian zhu
210    @a北京@c北京体育学院出版社@d1989.3
215    @a96页@d26厘米
606 0  @a器乐@x理论
606 0  @a器乐@x奏法
606 0  @a器乐@x演奏
690    @aJ628.1
701  0 @a万宝柱@Awan bao zhu@4编著
801  0 @aCN@bNLC@c19910513
905    @f1@b259048@dJ628.1@e52:2
    
    少年儿童电子琴中级教程/万宝柱编著.-北京:北京体育学院出版社,1989.3
    96页;26厘米
    
    
    ISBN 7-81003-178-3:CNY3.90
    
●
相关链接 在E读中查询图书 在五车中查询图书 在当当中查询图书 在豆瓣中查询图书


正题名:少年儿童电子琴中级教程     索取号:J628.1/52:2         预约/预借

序号 登录号 条形码 馆藏地/架位号 状态 备注
1 0259047   001204529   第一样本阅览室/ [索取号:J628.1/52:2] 在馆    
2 0259048   001204547   第一借阅区/ [索取号:J628.1/52:2] 在馆    
唐山师范学院图书馆 欢迎您!
大连网信软件有限公司© 版权所有